[Event "4NCL/Div3/NOTT2 vs. RHYE"]
[Site "Hinckley Island ENG"]
[Date "2010.02.20"]
[Round "5.2"]
[White "Kett, Timothy J"]
[Black "Combie, Alexander"]
[Result "1/2-1/2"]
[WhiteElo "2240"]
[BlackElo "1975"]
[PlyCount "73"]
[EventDate "2010.02.20"]
[SourceDate "2009.10.24"]

1. e4 c5 2. Nf3 d6 3. Bb5+ Nd7 4. d4 cxd4 5. Qxd4 a6 6. Bc4 e6 7. Nc3 Ngf6 8.
Be3 b5 9. Bb3 Ng4 10. a4 Nxe3 11. fxe3 Qa5 12. e5 b4 13. Ne4 dxe5 14. Nd6+ Bxd6
15. Qxd6 Qc5 16. Qxc5 Nxc5 17. Nxe5 Nxb3 18. cxb3 a5 19. Rc1 O-O 20. Rc7 Ba6
21. Kf2 Rfd8 22. Rhc1 Rd2+ 23. Kf3 Rxb2 24. Rxf7 Rf8 25. Rxf8+ Kxf8 26. Rc7
Be2+ 27. Ke4 Rxb3 28. Ra7 Ra3 29. Rxa5 b3 30. Ra8+ Ke7 31. Nc6+ Kd6 32. Nd4 b2
33. Rb8 Bd3+ 34. Kf3 Ra2 35. Nb5+ Bxb5 36. Rxb5 Rxa4 37. Rxb2 1/2-1/2

[Event "4NCL/Div3/NOTT2 vs. RHYE"]
[Site "Hinckley Island ENG"]
[Date "2010.02.20"]
[Round "5.3"]
[White "Webster, Richard J"]
[Black "Spice, Alan P"]
[Result "0-1"]
[WhiteElo "1961"]
[BlackElo "2169"]
[PlyCount "86"]
[EventDate "2010.02.20"]
[SourceDate "2009.10.24"]

1. e4 e6 2. d4 d5 3. Nc3 Nf6 4. Bg5 Bb4 5. e5 h6 6. Bd2 Bxc3 7. bxc3 Ne4 8. Qg4
g6 9. h4 c5 10. Bd3 Nxd2 11. Kxd2 Nc6 12. Nf3 Qa5 13. Qf4 cxd4 14. Nxd4 Nxd4
15. Qxd4 Bd7 16. Rh3 b6 17. Rah1 Qxa2 18. Rf3 Qa4 19. Qe3 Bb5 20. Rf4 Qa5 21.
Qf3 Bxd3 22. Qxd3 d4 23. Rxd4 Qxe5 24. g4 O-O 25. f4 Qf6 26. g5 hxg5 27. hxg5
Qf5 28. Rh3 Kg7 29. Qxf5 gxf5 30. Rhd3 a5 31. Kc1 Ra7 32. Rd7 Rxd7 33. Rxd7 Rc8
34. Rb7 Rxc3 35. Rxb6 Rc4 36. Ra6 Rxf4 37. Rxa5 Rg4 38. Kd2 Rxg5 39. c4 Kf6 40.
Ra1 Ke5 41. c5 Kd5 42. Rc1 Kc6 43. Ke3 Rg4 0-1

[Event "4NCL/Div3/NOTT2 vs. RHYE"]
[Site "Hinckley Island ENG"]
[Date "2010.02.20"]
[Round "5.4"]
[White "Trevelyan, John"]
[Black "Taylor, Robert P"]
[Result "1-0"]
[WhiteElo "2160"]
[BlackElo "1978"]
[PlyCount "79"]
[EventDate "2010.02.20"]
[SourceDate "2009.10.24"]

1. d4 d5 2. Nf3 Bf5 3. c4 c6 4. Nc3 e6 5. Bf4 Nf6 6. e3 Bd6 7. Ne5 O-O 8. c5
Be7 9. g4 Be4 10. f3 Bg6 11. h4 Nxg4 12. Nxg4 Bxh4+ 13. Nf2 Bh5 14. Be2 f5 15.
Bd6 Rf7 16. f4 Bxe2 17. Qxe2 g6 18. O-O-O Nd7 19. Nd3 Bf6 20. Rdg1 b6 21. Ne5
Nxe5 22. fxe5 Bg5 23. Qf3 bxc5 24. Bxc5 Rb8 25. Rg2 Be7 26. Bxe7 Qxe7 27. Na4
f4 28. Nc5 fxe3 29. Qh3 e2 30. Rxg6+ Kh8 31. Rf6 Rbf8 32. Qh2 Rxf6 33. exf6
Rxf6 34. Qxe2 Rg6 35. Qe5+ Kg8 36. Rf1 h6 37. Kc2 a5 38. Kb3 Qa7 39. Ka4 Qb6
40. Rf8+ 1-0

[Event "4NCL/Div3/NOTT2 vs. RHYE"]
[Site "Hinckley Island ENG"]
[Date "2010.02.20"]
[Round "5.5"]
[White "Morgan, Phil"]
[Black "Smith, Olivia"]
[Result "1/2-1/2"]
[WhiteElo "1914"]
[BlackElo "2014"]
[Annotator "Summerscale,Aaron"]
[PlyCount "68"]
[EventDate "2010.02.20"]
[SourceDate "2009.10.24"]

1. e4 e5 2. Bc4 Nf6 3. d3 Nc6 4. Nf3 Be7 5. O-O O-O 6. a4 d6 7. c3 Bg4 8. a5 a6
9. Be3 d5 10. exd5 Nxd5 11. Nbd2 Nxe3 12. fxe3 Qd7 13. Ne4 Be6 14. Qb3 Bxc4 15.
Qxc4 Rad8 16. Rfd1 Qd5 17. Qa4 f5 18. Nf2 Qe6 19. b4 e4 20. dxe4 fxe4 21. Rxd8
Rxd8 22. Nd4 Nxd4 23. cxd4 c6 24. Qa2 Rd5 25. Qc2 Bxb4 26. Qxe4 Qd7 27. Rb1 Bd6
28. Qc2 Kh8 29. Ne4 Be7 30. Nc5 Bxc5 31. dxc5 h6 32. Rf1 Qe7 33. Qb3 Qxc5 34.
h3 Rd2 {scoresheets illegible} 1/2-1/2

[Event "4NCL/Div3/NOTT2 vs. RHYE"]
[Site "Hinckley Island ENG"]
[Date "2010.02.20"]
[Round "5.6"]
[White "Blackburn, Suzy G"]
[Black "Hill, Maurice J"]
[Result "1/2-1/2"]
[WhiteElo "1912"]
[BlackElo "1802"]
[PlyCount "30"]
[EventDate "2010.02.20"]
[SourceDate "2009.10.24"]

1. d4 Nf6 2. Nf3 c5 3. c3 b6 4. Bf4 Bb7 5. e3 e6 6. Nbd2 Be7 7. Nc4 d5 8. Nce5
O-O 9. Bd3 Nbd7 10. Bg5 Ne4 11. Bxe7 Qxe7 12. Nxd7 Qxd7 13. Ne5 Qc7 14. O-O f6
15. Nf3 Rae8 1/2-1/2

[Event "4NCL/Div3/ICENI vs. BCA"]
[Site "Hinckley Island ENG"]
[Date "2010.02.20"]
[Round "5.1"]
[White "Crombleholme, Alan K"]
[Black "Crouch, Colin S"]
[Result "1/2-1/2"]
[WhiteElo "2106"]
[BlackElo "2342"]
[PlyCount "58"]
[EventDate "2010.02.20"]
[SourceDate "2009.10.24"]

1. e4 d5 2. exd5 Qxd5 3. Nc3 Qd6 4. d4 Nf6 5. Be2 c6 6. Nf3 Bg4 7. O-O Nbd7 8.
Be3 e6 9. h3 Bxf3 10. Bxf3 Nb6 11. Qd3 Be7 12. a3 Rd8 13. Rad1 O-O 14. Ne4 Nxe4
15. Qxe4 Nd5 16. Bc1 b5 17. Rd3 c5 18. dxc5 Qxc5 19. Qe2 Bf6 20. Rfd1 a5 21. c3
Qc4 22. Be3 Nxe3 23. Rxd8 Qxe2 24. Rxf8+ Kxf8 25. Bxe2 Nxd1 26. Bxd1 Ke7 27.
Be2 b4 28. axb4 axb4 29. cxb4 Bxb2 1/2-1/2

[Event "4NCL/Div3/ICENI vs. BCA"]
[Site "Hinckley Island ENG"]
[Date "2010.02.20"]
[Round "5.2"]
[White "Ross, Chris N"]
[Black "Reynolds, D Ian W"]
[Result "1-0"]
[WhiteElo "2205"]
[BlackElo "2096"]
[PlyCount "77"]
[EventDate "2010.02.20"]
[SourceDate "2009.10.24"]

1. e4 e5 2. Nf3 Nc6 3. Bb5 a6 4. Ba4 Nf6 5. O-O Be7 6. Re1 b5 7. Bb3 O-O 8. d4
d6 9. c3 Bg4 10. Be3 exd4 11. cxd4 Na5 12. Bc2 c5 13. d5 Nc4 14. Bc1 Ne5 15.
Nbd2 Nfd7 16. h3 Nxf3+ 17. Nxf3 Bxf3 18. Qxf3 Bf6 19. a4 b4 20. Qe2 Re8 21. a5
Qc8 22. Ba4 Re7 23. Kh1 Qd8 24. Bb3 Bd4 25. f4 Nf6 26. Qf3 Qc7 27. e5 c4 28.
Be3 Bxb2 29. Bb6 Qc8 30. exf6 Rxe1+ 31. Rxe1 cxb3 32. fxg7 Qc3 33. Qe4 Qxg7 34.
Re3 Bc3 35. Kh2 Kh8 36. Rg3 Qf6 37. Rxc3 Qxc3 38. Bd4+ Kg8 39. f5 1-0

[Event "4NCL/Div3/ICENI vs. BCA"]
[Site "Hinckley Island ENG"]
[Date "2010.02.20"]
[Round "5.3"]
[White "Calvert, D Ian"]
[Black "Gibbs, Peter C"]
[Result "1/2-1/2"]
[WhiteElo "2042"]
[BlackElo "2002"]
[PlyCount "78"]
[EventDate "2010.02.20"]
[SourceDate "2009.10.24"]

1. b3 c5 2. Bb2 Nc6 3. Nf3 Nf6 4. c4 e6 5. g3 b6 6. Bg2 Bb7 7. O-O Be7 8. Nc3
O-O 9. d4 cxd4 10. Nxd4 Bc5 11. e3 Qc8 12. Ne4 Nxe4 13. Bxe4 Nxd4 14. Bxb7 Qxb7
15. exd4 Be7 16. d5 f5 17. dxe6 dxe6 18. Qe2 Qc6 19. Rfe1 Bf6 20. Bxf6 Rxf6 21.
f4 Rd8 22. Rad1 Qc5+ 23. Qf2 Qc7 24. Qe3 Rd7 25. Rxd7 Qxd7 26. Re2 Qd1+ 27. Kg2
Qd7 28. Rd2 Qc6+ 29. Qf3 Qe8 30. Qd1 Qc6+ 31. Qf3 Qe8 32. Rd6 Rf8 33. Qc6 Qh5
34. Rxe6 Rd8 35. Rd6 Qe2+ 36. Kg1 Qe1+ 37. Kg2 Qe2+ 38. Kg1 Qe1+ 39. Kg2 Qe2+
1/2-1/2

[Event "4NCL/Div3/ICENI vs. BCA"]
[Site "Hinckley Island ENG"]
[Date "2010.02.20"]
[Round "5.4"]
[White "Armstrong, William G"]
[Black "Ruthen, Stephen W"]
[Result "0-1"]
[WhiteElo "1966"]
[BlackElo "2093"]
[PlyCount "78"]
[EventDate "2010.02.20"]
[SourceDate "2009.10.24"]

1. e4 e5 2. Nf3 Nc6 3. Bb5 Nd4 4. Nxd4 exd4 5. O-O Bc5 6. d3 c6 7. Bc4 d5 8.
exd5 cxd5 9. Re1+ Ne7 10. Bb3 O-O 11. Bf4 Ng6 12. Bg3 a5 13. c3 b5 14. a4 b4
15. c4 dxc4 16. Bxc4 Kh8 17. Nd2 f5 18. Be5 Bb7 19. Nb3 Bb6 20. Qh5 Qd7 21. Nd2
Rae8 22. f4 Rxe5 23. Rxe5 Nxf4 24. Qg5 Ng6 25. Bb5 Qf7 26. Nc4 Bc7 27. Rae1
Nxe5 28. Nxe5 Bxe5 29. Rxe5 h6 30. Qe7 Qxe7 31. Rxe7 Bd5 32. Rd7 Bb3 33. Rxd4
Rf6 34. Rd8+ Kh7 35. Ra8 Re6 36. Rxa5 Re1+ 37. Kf2 Rb1 38. Bd7 Rxb2+ 39. Ke3 g6
0-1

[Event "4NCL/Div3/ICENI vs. BCA"]
[Site "Hinckley Island ENG"]
[Date "2010.02.20"]
[Round "5.5"]
[White "Savage, Nicholas W"]
[Black "Hilton, Steve H"]
[Result "1-0"]
[WhiteElo "1996"]
[BlackElo "1891"]
[PlyCount "53"]
[EventDate "2010.02.20"]
[SourceDate "2009.10.24"]

1. d4 Nf6 2. c4 g6 3. Nc3 d5 4. Bg5 Ne4 5. Bh4 Nxc3 6. bxc3 Bg7 7. cxd5 Qxd5 8.
e3 c5 9. Qf3 Qxf3 10. Nxf3 Nc6 11. Bb5 Bd7 12. Rb1 a6 13. Bd3 b5 14. O-O c4 15.
Bc2 Rb8 16. Nd2 f5 17. a4 Na5 18. e4 f4 19. e5 Nc6 20. Be4 Rc8 21. axb5 axb5
22. e6 Bxe6 23. Rxb5 Nd8 24. Ra1 Nf7 25. Ra7 Bd7 26. Rbb7 Rd8 27. Bc6 1-0

[Event "4NCL/Div3/ICENI vs. BCA"]
[Site "Hinckley Island ENG"]
[Date "2010.02.20"]
[Round "5.6"]
[White "Ross, David J"]
[Black "Szymanski, Mark"]
[Result "0-1"]
[WhiteElo "1802"]
[BlackElo "1890"]
[PlyCount "60"]
[EventDate "2010.02.20"]
[SourceDate "2009.10.24"]

1. e4 c6 2. d4 d5 3. e5 c5 4. c3 Nc6 5. Bb5 Bd7 6. Bxc6 Bxc6 7. dxc5 e6 8. b4
a5 9. Nf3 axb4 10. cxb4 b6 11. a4 bxc5 12. Qc2 Qb6 13. bxc5 Bxc5 14. O-O Ne7
15. Nc3 O-O 16. Bg5 Rfc8 17. Rfb1 Qa7 18. Bxe7 Bxe7 19. Qd1 Bc5 20. Ra2 h6 21.
Ne1 Bd4 22. Nb5 Bxb5 23. Rxb5 Bxe5 24. a5 Rc6 25. Nd3 Bd6 26. Qb1 Qd4 27. g3
Rc3 28. Nb4 Qc4 29. Nc2 d4 30. Ra1 Rxc2 0-1

[Event "4NCL/Div3/WES2 vs. FCA2"]
[Site "Hinckley Island ENG"]
[Date "2010.02.20"]
[Round "5.1"]
[White "Jenks, Bruce"]
[Black "Elwin, Adrian G"]
[Result "1-0"]
[WhiteElo "2127"]
[BlackElo "2013"]
[PlyCount "55"]
[EventDate "2010.02.20"]
[SourceDate "2009.10.24"]

1. c4 c5 2. Nc3 Nc6 3. Nf3 g6 4. g3 Bg7 5. Bg2 Nf6 6. d4 cxd4 7. Nxd4 O-O 8.
O-O Qb6 9. Nc2 d6 10. Rb1 Bf5 11. e4 Bg4 12. Qe1 Nd4 13. Nxd4 Qxd4 14. b3 Nd7
15. Nd5 Ne5 16. Be3 Qd3 17. f3 Bxf3 18. Bxf3 e6 19. Rd1 Nxf3+ 20. Rxf3 Qxe4 21.
Nf6+ Bxf6 22. Rxf6 d5 23. cxd5 exd5 24. Qf2 Rac8 25. Rf1 Rc2 26. Qf3 Rxa2 27.
Qxe4 dxe4 28. Bh6 1-0

[Event "4NCL/Div3/WES2 vs. FCA2"]
[Site "Hinckley Island ENG"]
[Date "2010.02.20"]
[Round "5.2"]
[White "Valentine, Brian J"]
[Black "Tunks, Dominic"]
[Result "1-0"]
[WhiteElo "1962"]
[BlackElo "2076"]
[PlyCount "37"]
[EventDate "2010.02.20"]
[SourceDate "2009.10.24"]

1. e4 c6 2. d4 d5 3. Nd2 dxe4 4. Nxe4 Nd7 5. Bc4 Ngf6 6. Ng5 e6 7. N1f3 h6 8.
Nh3 b5 9. Bd3 c5 10. O-O Qb6 11. a4 cxd4 12. Bxb5 Bc5 13. Nf4 O-O 14. Nd3 Rd8
15. Bf4 Bb7 16. Nxc5 Nxc5 17. Ne5 a6 18. Be2 Qxb2 19. Nc4 1-0

[Event "4NCL/Div3/WES2 vs. FCA2"]
[Site "Hinckley Island ENG"]
[Date "2010.02.20"]
[Round "5.3"]
[White "Pleasants, Allan J"]
[Black "Matthews, Adrian MS"]
[Result "1-0"]
[WhiteElo "2079"]
[BlackElo "1936"]
[PlyCount "70"]
[EventDate "2010.02.20"]
[SourceDate "2009.10.24"]

1. Nf3 Nf6 2. c4 c5 3. g3 d5 4. Bg2 Nc6 5. cxd5 Nxd5 6. Nc3 Nc7 7. a3 e5 8. Rb1
Be7 9. b4 cxb4 10. axb4 f6 11. b5 Nb8 12. O-O Nd7 13. Qc2 O-O 14. d4 exd4 15.
Nxd4 Nc5 16. Rd1 Qe8 17. Ne4 N5e6 18. Nf5 Kh8 19. Ned6 Bxd6 20. Nxd6 Qg6 21.
Qxg6 hxg6 22. Be3 Nd8 23. Nxc8 Rxc8 24. Bxa7 Nce6 25. Bb6 Rc2 26. Kf1 Kh7 27.
Rd7 Re8 28. e3 Kg8 29. Rbd1 Nf7 30. Rxb7 Rb2 31. Bc6 Rc8 32. Ke1 Neg5 33. Rc7
Rxc7 34. Bxc7 Nh3 35. Rd2 Rb1+ 1-0

[Event "4NCL/Div3/WES2 vs. FCA2"]
[Site "Hinckley Island ENG"]
[Date "2010.02.20"]
[Round "5.4"]
[White "Adebajo, Olufemi"]
[Black "Gregory, Keith DF"]
[Result "1/2-1/2"]
[WhiteElo "1952"]
[BlackElo "2060"]
[PlyCount "51"]
[EventDate "2010.02.20"]
[SourceDate "2009.10.24"]

1. e4 d6 2. d4 g6 3. Nc3 Bg7 4. Be3 a6 5. a4 b6 6. Nf3 Nf6 7. Qd2 Bb7 8. Bd3
Nbd7 9. O-O Ng4 10. Bg5 c5 11. Bc4 cxd4 12. Nd5 Ngf6 13. Qxd4 O-O 14. Qe3 Rb8
15. Rad1 b5 16. axb5 axb5 17. Bb3 Bxd5 18. exd5 Nc5 19. h3 Qd7 20. Bh6 Rfe8 21.
Bxg7 Kxg7 22. Rd4 h6 23. Rh4 Rh8 24. Re1 Rb7 25. Rd4 Qf5 26. Rd2 1/2-1/2

[Event "4NCL/Div3/WES2 vs. FCA2"]
[Site "Hinckley Island ENG"]
[Date "2010.02.20"]
[Round "5.5"]
[White "Taylor-Bowd, Philip J"]
[Black "Shaw, John S"]
[Result "1/2-1/2"]
[WhiteElo "2043"]
[BlackElo "1930"]
[PlyCount "74"]
[EventDate "2010.02.20"]
[SourceDate "2009.10.24"]

1. e4 c5 2. Nf3 Nc6 3. d4 cxd4 4. Nxd4 Nf6 5. Nc3 e5 6. Ndb5 d6 7. Bg5 a6 8.
Na3 b5 9. Nd5 Be7 10. Bxf6 Bxf6 11. c3 Ne7 12. Nc2 Bb7 13. Ncb4 Nxd5 14. Nxd5
O-O 15. Be2 Rc8 16. a4 Bxd5 17. Qxd5 Qb6 18. axb5 axb5 19. Qxb5 Rb8 20. Qxb6
Rxb6 21. b4 d5 22. Bd3 d4 23. cxd4 Rxb4 24. d5 Rfb8 25. O-O Be7 26. Rfc1 Rd4
27. Rd1 g6 28. f3 Rb2 29. Kf1 Bg5 30. Be2 Rdd2 31. Rxd2 Rxd2 32. Ke1 Kf8 33. g3
Rd4 34. Ra8+ Ke7 35. Ra7+ Kf8 36. Ra8+ Ke7 37. Ra7+ Kf8 1/2-1/2

[Event "4NCL/Div3/WES2 vs. FCA2"]
[Site "Hinckley Island ENG"]
[Date "2010.02.20"]
[Round "5.6"]
[White "Grainger, Benjamin P"]
[Black "Aston, Philip M"]
[Result "1/2-1/2"]
[WhiteElo "1562"]
[BlackElo "1922"]
[PlyCount "75"]
[EventDate "2010.02.20"]
[SourceDate "2009.10.24"]

1. Nf3 Nf6 2. g3 g6 3. Bg2 Bg7 4. d3 d5 5. Nbd2 Nbd7 6. c4 e5 7. cxd5 Nxd5 8.
Nc4 O-O 9. O-O N5b6 10. Rb1 Nxc4 11. dxc4 a5 12. b3 Ra6 13. Bb2 Qe7 14. Qc1 Nc5
15. Nd2 e4 16. Bxg7 Kxg7 17. Qc3+ Kg8 18. Rbd1 Re8 19. Nb1 e3 20. Qxe3 Qxe3 21.
fxe3 Rae6 22. Bd5 R6e7 23. Nd2 c6 24. Bf3 Rxe3 25. Kf2 h5 26. Rfe1 Bf5 27. Rc1
Kg7 28. Nf1 R3e7 29. h4 Bd3 30. Rc3 f5 31. Nd2 Re5 32. a3 Be4 33. Bxe4 Nxe4+
34. Nxe4 Rxe4 35. Rd3 R8e7 36. e3 Kf6 37. Red1 Kf7 38. R1d2 1/2-1/2

[Event "4NCL/Div3/SBS vs. FPONTY"]
[Site "Hinckley Island ENG"]
[Date "2010.02.20"]
[Round "5.1"]
[White "Ruston, Mark R"]
[Black "Gilbert, Jonathan A"]
[Result "1/2-1/2"]
[WhiteElo "2099"]
[BlackElo "2058"]
[PlyCount "55"]
[EventDate "2010.02.20"]
[SourceDate "2009.10.24"]

1. e4 c5 2. Nc3 Nc6 3. g3 g6 4. Bg2 Bg7 5. d3 d6 6. Be3 e5 7. Qd2 Nge7 8. Bh6
O-O 9. h4 Bxh6 10. Qxh6 f6 11. Qd2 Nd4 12. Nd5 b5 13. h5 g5 14. c3 Nxd5 15.
cxd4 Nb6 16. d5 h6 17. f4 a6 18. Nh3 Ra7 19. Nf2 Rg7 20. f5 Ra7 21. O-O a5 22.
Ng4 Kg7 23. Ne3 Bd7 24. Rfc1 Qa8 25. Qf2 Rc8 26. Bf1 b4 27. Nc4 Nxc4 28. dxc4
1/2-1/2

[Event "4NCL/Div3/SBS vs. FPONTY"]
[Site "Hinckley Island ENG"]
[Date "2010.02.20"]
[Round "5.2"]
[White "Adams, Mark A"]
[Black "Ackley, Peter JE"]
[Result "1/2-1/2"]
[WhiteElo "2026"]
[BlackElo "2092"]
[PlyCount "38"]
[EventDate "2010.02.20"]
[SourceDate "2009.10.24"]

1. e4 c5 2. Nf3 Nc6 3. d4 cxd4 4. Nxd4 Nf6 5. Nc3 e6 6. Be3 Bb4 7. Bd3 d5 8.
Nxc6 bxc6 9. exd5 Nxd5 10. Bd2 Bxc3 11. bxc3 Qf6 12. O-O Nxc3 13. Qe1 Nd5 14.
c4 Ba6 15. Qe4 Ne7 16. Rfe1 Rd8 17. Be3 Qg6 18. Qxg6 hxg6 19. Bf1 Rh5 1/2-1/2

[Event "4NCL/Div3/SBS vs. FPONTY"]
[Site "Hinckley Island ENG"]
[Date "2010.02.20"]
[Round "5.3"]
[White "Makepeace, Philip J"]
[Black "Jones, Derek M"]
[Result "0-1"]
[WhiteElo "2041"]
[BlackElo "2025"]
[PlyCount "132"]
[EventDate "2010.02.20"]
[SourceDate "2009.10.24"]

1. e4 c5 2. Nf3 d6 3. d4 cxd4 4. Nxd4 Nf6 5. Nc3 a6 6. g3 e5 7. Nde2 Be7 8. Bg2
Be6 9. O-O Nbd7 10. Kh1 b5 11. f4 Nc5 12. b4 Ncd7 13. Nd5 Bxd5 14. exd5 Nb6 15.
Qd3 Rc8 16. Be3 e4 17. Bxe4 Nxe4 18. Qxe4 O-O 19. Nd4 Re8 20. Nc6 Bf6 21. Qd3
Qc7 22. Bxb6 Qxb6 23. Rae1 g6 24. f5 g5 25. Qf3 Kg7 26. Kg2 a5 27. bxa5 Qc5 28.
Qd3 h6 29. Re4 Rxe4 30. Qxe4 Qa3 31. Qd3 Qxa2 32. Qb3 Qa4 33. Qxa4 bxa4 34. Rf3
Bb2 35. f6+ Kf8 36. a6 a3 37. Nb4 Ra8 38. Rb3 Kg8 39. Kf3 Rxa6 40. Na2 Bxf6 41.
c3 Kg7 42. Ke4 Kg6 43. g4 Bd8 44. Rb1 Bb6 45. Nb4 Ra4 46. Kd3 Bc5 47. Kc4 f5
48. gxf5+ Kxf5 49. Kb3 Ra8 50. Ra1 Kg4 51. Ra2 Kh3 52. Nd3 Bg1 53. c4 Bxh2 54.
Nf2+ Kh4 55. Nd3 Bg3 56. c5 dxc5 57. Nxc5 Be5 58. Kc4 g4 59. Nd3 Bd6 60. Kd4
Re8 61. Ra1 Kg5 62. Rg1 h5 63. Nf2 Be5+ 64. Kd3 a2 65. Ne4+ Kg6 66. Nc3 Ra8 0-1

[Event "4NCL/Div3/SBS vs. FPONTY"]
[Site "Hinckley Island ENG"]
[Date "2010.02.20"]
[Round "5.4"]
[White "Davies, Peter L"]
[Black "McCullough, Simon L"]
[Result "0-1"]
[WhiteElo "1994"]
[BlackElo "1986"]
[PlyCount "122"]
[EventDate "2010.02.20"]
[SourceDate "2009.10.24"]

1. c4 Nf6 2. Nc3 c5 3. g3 g6 4. Bg2 Bg7 5. Nf3 Nc6 6. O-O O-O 7. d3 d6 8. Rb1
Rb8 9. a3 b6 10. b4 Bb7 11. e4 e6 12. b5 Nd4 13. Nxd4 cxd4 14. Ne2 Nd7 15. Bf4
e5 16. Bd2 f5 17. f3 Nc5 18. Qc2 Qe7 19. Rbe1 fxe4 20. fxe4 Rxf1+ 21. Rxf1 Rf8
22. Rxf8+ Qxf8 23. g4 Bc8 24. h3 Be6 25. Ng3 Qd8 26. g5 Qd7 27. Kh2 Qf7 28. Kg1
Bf8 29. Nh1 Qb7 30. Nf2 Be7 31. h4 a6 32. bxa6 Qxa6 33. Bb4 Bd7 34. Bf3 b5 35.
cxb5 Bxb5 36. Be2 Kg7 37. Kg2 Ne6 38. Nh3 Bc6 39. Qb3 Bxe4+ 40. Kh2 Bf5 41. Nf2
Nf4 42. Qc2 Qb7 43. Bf1 Qf3 44. Be1 Bxd3 45. Nxd3 Qxf1 46. Nxf4 Qxf4+ 47. Bg3
Qf7 48. Qc7 Qa2+ 49. Kg1 Kf7 50. Bxe5 Qa1+ 51. Kg2 Qa2+ 52. Kg1 dxe5 53. Qxe5
Qb1+ 54. Kg2 Qc2+ 55. Kh1 Qc6+ 56. Kg1 Qd6 57. Qh8 Qg3+ 58. Kf1 Qxh4 59. Qc8
Bxg5 60. Qc4+ Kg7 61. a4 Qf4+ 0-1

[Event "4NCL/Div3/SBS vs. FPONTY"]
[Site "Hinckley Island ENG"]
[Date "2010.02.20"]
[Round "5.5"]
[White "Russell, Christopher"]
[Black "Dixon, Chris"]
[Result "1-0"]
[WhiteElo "2065"]
[BlackElo "1953"]
[PlyCount "132"]
[EventDate "2010.02.20"]
[SourceDate "2009.10.24"]

1. e4 d6 2. d4 Nf6 3. Nc3 g6 4. Nf3 Bg7 5. Be2 O-O 6. O-O c6 7. a4 Qc7 8. h3
Nbd7 9. Be3 e5 10. Qd2 exd4 11. Nxd4 Re8 12. f3 Nh5 13. Rfd1 Nf8 14. Nb3 d5 15.
Bd4 Bxd4+ 16. Nxd4 Qg3 17. Qe1 Qg5 18. h4 Qe3+ 19. Qf2 Qxf2+ 20. Kxf2 Re5 21.
exd5 cxd5 22. g3 Nf6 23. Ndb5 Bf5 24. Rd2 a6 25. Nd4 Bd7 26. Rad1 Bc6 27. Bf1
Rae8 28. Nxc6 bxc6 29. Bxa6 Rb8 30. b3 N8d7 31. Bf1 Nc5 32. Re1 Rxe1 33. Kxe1
Nfd7 34. Re2 Kf8 35. Kd2 Rb4 36. Re1 Ne6 37. Bh3 Ke7 38. Bxe6 fxe6 39. Nd1 Kd6
40. Nf2 Ne5 41. Ke2 c5 42. Nd3 Nxd3 43. Kxd3 e5 44. Ra1 Rb8 45. a5 Kc6 46. a6
Ra8 47. a7 Kb5 48. Re1 e4+ 49. fxe4 dxe4+ 50. Rxe4 Rxa7 51. g4 Rf7 52. Ke2 Rd7
53. c3 Kc6 54. b4 cxb4 55. cxb4 Kb5 56. Ke3 Rf7 57. Rf4 Rc7 58. Rd4 Rf7 59. Ke4
Kc6 60. Ke5 Rf2 61. Rf4 Rh2 62. g5 Rd2 63. Kf6 Rd6+ 64. Kg7 Rd7+ 65. Kg8 Kb5
66. Rf7 Kxb4 1-0

[Event "4NCL/Div3/SBS vs. FPONTY"]
[Site "Hinckley Island ENG"]
[Date "2010.02.20"]
[Round "5.6"]
[White "James, Dai"]
[Black "Harley-Yeo, Gareth"]
[Result "1-0"]
[WhiteElo "1995"]
[BlackElo "2053"]
[PlyCount "69"]
[EventDate "2010.02.20"]
[SourceDate "2009.10.24"]

1. e4 c5 2. Nc3 a6 3. a4 e6 4. f4 Nc6 5. Nf3 d5 6. e5 h5 7. d4 Nh6 8. Bd3 cxd4
9. Ne2 Bb4+ 10. Bd2 Bc5 11. h3 f5 12. O-O Nf7 13. Qe1 g6 14. b4 Bb6 15. b5 Na5
16. Nexd4 Nc4 17. a5 Nxd2 18. Qxd2 Bc5 19. Kh1 Bd7 20. c4 dxc4 21. Bxc4 Qe7 22.
Qa2 Nd8 23. b6 O-O 24. Rfd1 Re8 25. Ng5 Kh8 26. Rd3 Bxd4 27. Rxd4 Nc6 28. Rd6
Nxe5 29. fxe5 Qxg5 30. Rxd7 f4 31. Qd2 Qxe5 32. Re1 Qf6 33. Bxe6 Rxe6 34. Rxe6
Qxe6 35. Qd4+ 1-0

[Event "4NCL/Div3/E2E42 vs. BRI2"]
[Site "Hinckley Island ENG"]
[Date "2010.02.20"]
[Round "5.1"]
[White "Talbot, Andrew R"]
[Black "Ponter, Ian P"]
[Result "1-0"]
[WhiteElo "2141"]
[BlackElo "2046"]
[PlyCount "71"]
[EventDate "2010.02.20"]
[SourceDate "2009.10.24"]

1. d4 Nf6 2. c4 e6 3. Nc3 Bb4 4. Qc2 O-O 5. a3 Bxc3+ 6. Qxc3 b6 7. Bg5 Bb7 8.
f3 h6 9. Bh4 d6 10. e4 g5 11. Bf2 Nbd7 12. e5 Nh7 13. O-O-O b5 14. c5 Bd5 15.
Bxb5 f5 16. Ne2 c6 17. Bc4 dxc5 18. Bxd5 cxd5 19. dxc5 Qc7 20. Bd4 Rfc8 21. b4
a5 22. Kd2 axb4 23. axb4 Ra2+ 24. Ke3 Rca8 25. Ra1 R8a3 26. Qxa3 Rxa3+ 27. Rxa3
Nxe5 28. Ra8+ Nf8 29. Rha1 Nc4+ 30. Kf2 Qxh2 31. c6 Nd2 32. c7 Qxc7 33. Bc5 Qh2
34. Rxf8+ Kg7 35. Re8 Qh4+ 36. Kg1 1-0

[Event "4NCL/Div3/E2E42 vs. BRI2"]
[Site "Hinckley Island ENG"]
[Date "2010.02.20"]
[Round "5.2"]
[White "Bennett, Dominic"]
[Black "Ireland, David J"]
[Result "0-1"]
[WhiteElo "2098"]
[BlackElo "2010"]
[PlyCount "58"]
[EventDate "2010.02.20"]
[SourceDate "2009.10.24"]

1. Nf3 c5 2. e4 d6 3. d4 cxd4 4. Nxd4 Nf6 5. Nc3 g6 6. Be3 Bg7 7. Be2 Nc6 8. h3
O-O 9. Qd2 Bd7 10. Nb3 a5 11. a3 Qc8 12. Bh6 Bxh6 13. Qxh6 a4 14. Nd2 Nd4 15.
Bd1 Qc5 16. Nf3 Nxf3+ 17. Bxf3 b5 18. h4 Qe5 19. Qe3 Rfc8 20. Be2 b4 21. f4 Qa5
22. Nd1 bxa3+ 23. Kf1 axb2 24. Nxb2 Rxc2 25. Nd3 Qc3 26. Re1 Bb5 27. Rd1 Bxd3
28. Bxd3 Ng4 29. Qh3 Nf2 0-1

[Event "4NCL/Div3/E2E42 vs. BRI2"]
[Site "Hinckley Island ENG"]
[Date "2010.02.20"]
[Round "5.3"]
[White "Jaszkiwskyj, Peter"]
[Black "Pugh, Derek C"]
[Result "1-0"]
[WhiteElo "1973"]
[BlackElo "2122"]
[PlyCount "85"]
[EventDate "2010.02.20"]
[SourceDate "2009.10.24"]

1. d4 Nc6 2. Nf3 d5 3. Bf4 Bg4 4. e3 e6 5. h3 Bxf3 6. Qxf3 Bd6 7. Bb5 Nge7 8.
O-O O-O 9. c4 e5 10. cxd5 Nxd4 11. exd4 exf4 12. Nc3 a6 13. Bc4 b5 14. Bb3 Nf5
15. Qd3 g6 16. Rad1 Nh4 17. Ne4 Kg7 18. Rfe1 Bb4 19. Rf1 f5 20. Nc5 Bxc5 21.
dxc5 Qg5 22. g3 fxg3 23. Qxg3 f4 24. Qxg5 Nf3+ 25. Kg2 Nxg5 26. Rfe1 Rfe8 27.
d6 Rxe1 28. Rxe1 cxd6 29. h4 dxc5 30. hxg5 c4 31. Bc2 Rd8 32. Re2 Rd5 33. Kf3
Rxg5 34. Kxf4 Rg1 35. Re7+ Kf6 36. Rxh7 g5+ 37. Kf3 g4+ 38. Ke2 Rc1 39. Kd2 Rf1
40. Rh2 Ke5 41. Rg2 b4 42. Bd1 a5 43. Ke2 1-0

[Event "4NCL/Div3/E2E42 vs. BRI2"]
[Site "Hinckley Island ENG"]
[Date "2010.02.20"]
[Round "5.4"]
[White "Dilleigh, Stephen P"]
[Black "Gibson, Christopher A"]
[Result "1/2-1/2"]
[WhiteElo "2107"]
[BlackElo "1964"]
[PlyCount "113"]
[EventDate "2010.02.20"]
[SourceDate "2009.10.24"]

1. d4 Nf6 2. c4 e6 3. Nc3 Bb4 4. e3 c5 5. Nge2 cxd4 6. exd4 d5 7. a3 Be7 8. Nf4
O-O 9. cxd5 exd5 10. Bd3 Nc6 11. O-O Bg4 12. f3 Bh5 13. Be3 Qd7 14. Bc2 Na5 15.
Nxh5 Nxh5 16. Qd3 g6 17. Bh6 Rfe8 18. Ba4 Nc6 19. Rad1 Bf6 20. Be3 Ng7 21. Bf2
a6 22. Bb3 Ne7 23. Na4 Rad8 24. Nc5 Qc6 25. Rc1 b5 26. Ne4 dxe4 27. Rxc6 exd3
28. Rxf6 Nd5 29. Rxa6 Nf5 30. Rd1 Re2 31. Bxd5 Rxd5 32. Rxd3 Rxb2 33. g4 Ne7
34. Rc3 Rd7 35. Rc1 Nd5 36. Bg3 f6 37. Rd6 Rxd6 38. Bxd6 b4 39. axb4 Nxb4 40.
Rc8+ Kf7 41. Rb8 Nd3 42. Rxb2 Nxb2 43. Ba3 Nd1 44. Kf1 Ke6 45. Ke2 Nc3+ 46. Kd3
Nb5 47. Bc5 Kd5 48. h4 Nc7 49. Ke3 Ke6 50. Ke4 Nd5 51. Ba3 Nc3+ 52. Kd3 Nd5 53.
Bc1 h5 54. Bd2 Nc7 55. Ke4 Nd5 56. Ba5 f5+ 57. gxf5+ 1/2-1/2